000 00988nam a22003850a 4500
001 UByD001040
003 AR-LpoUNG
005 20221006180111.0
008 220929s1991||||cc |||||||||||||||||eng d
020 _a0835118819
040 _aAR-LpoUNG
_bspa
_cAR-LpoUNG
_eaacr
041 _aeng
044 _acc
082 0 _a951 432int
100 1 _aHe, Zhaowu
245 1 3 _aAn intellectual history of China
260 _aBeijing :
_bForeign Languages Press,
_c1991.
300 _a620 p. :
_btbls.
650 4 _aCHINA
650 4 _aHISTORIA
650 4 _aFILOSOFIA
650 4 _aINTELECTUALES
650 4 _aCONOCIMIENTO
650 4 _aDESARROLLO POLITICO
650 4 _aHISTORIA POLITICA
650 4 _aIDEOLOGIAS POLITICAS
650 4 _aDESARROLLO CIENTIFICO
700 1 _aBu, Jinzhi
700 1 _aTang, Yuyuan
700 1 _aSun, Kaitai
710 2 _aInstitute of History
710 2 _aChinese Academy of Social Sciences
905 _a46444
942 _cLIB
_2ddc
999 _c63658
_d63658